000 00687nam a22002417a 4500
003 UA-OsUOA
001 31838
007 ta
008 20050112b un ||||| |||| 00| 0 ukr d
090 _a94(4)"1939-1945"
_bД63
942 _cBK
040 _aUA-OsUOA
_brus
_cUA-OsUOA
_dUA-OsUOA
245 _aДокументы и материалы кануна Второй мировой войны
_bНоябрь 1937-1938 гг.
300 _a368 с.
_bІлюстрації
955 _a0
041 _arus
080 _a94(4)"1939-1945"
260 _aМосква
_bПолитиздат
_c1948
246 3 1 _aТ. 1
_n
044 _aRU
650 7 _2UDC
999 _c318272
_d318272